000 00696nam a22001937a 4500
999 _c178877
_d178877
005 20210422105251.0
010 _aUR-11092
020 _c700.00
_a-
035 _aU-9647
037 _bDBAD/PUB
082 _a854
100 _aمو لف:سيد لطيف حسين ا د يب
245 _aتز کر ہ ء شعر ا ۓ بر يلی
_cمو لف:سيد لطيف حسين ا د يب
246 _aTazkara-e-Shora-e-Bareilly (Urdu)
_bby Sayed Latif Husain Adeeb
260 _aN.Delhi
_c2020 ء
_bApplied Books
270 _a 1739/10,Ground Floor,New KohinoorHotel,Patodi House,Darya Ganj,
_bN.delhi
_e110002
_l-
300 _a608 ص
_c22 Cm(Hb)
942 _2ddc
_cUR
_h854
_mت ز ک